Hacia la nueva civilización (Registro nro. 5636)

Detalles MARC
000 -LEADER
fixed length control field 01056 a2200229 4500
001 - CONTROL NUMBER
control field 54556
005 - DATE AND TIME OF LATEST TRANSACTION
control field 20260407155819.0
008 - FIXED-LENGTH DATA ELEMENTS--GENERAL INFORMATION
fixed length control field 260407a2005 arg spa d
003 - CONTROL NUMBER IDENTIFIER
control field AR-UNSa-BCEJYS
040 ## - CATALOGING SOURCE
Original cataloging agency AR-UNSa-BCEJYS
Language of cataloging spa
Transcribing agency AR-UNSa-BCEJYS
080 ## - UNIVERSAL DECIMAL CLASSIFICATION NUMBER
Universal Decimal Classification number 330.342.146
Common auxiliary subdivision Economía social de mercado. Economía del estado del bienestar<br/>
020 ## - INTERNATIONAL STANDARD BOOK NUMBER
International Standard Book Number 950-33-0513-6
041 ## - LANGUAGE CODE
Language code of text/sound track or separate title spa
100 1# - MAIN ENTRY--PERSONAL NAME
Personal name Di Marco, Luis Eugenio
245 10 - TITLE STATEMENT
Title Hacia la nueva civilización
Name of part/section of a work testimonios desde el humanismo económico
264 #1 - PRODUCTION, PUBLICATION, DISTRIBUTION, MANUFACTURE, AND COPYRIGHT NOTICE
Place of production, publication, distribution, manufacture Córdoba :
Name of producer, publisher, distributor, manufacturer Universidad Nacional de Córdoba
Date of production, publication, distribution, manufacture, or copyright notice 2005
300 ## - PHYSICAL DESCRIPTION
Extent 2 v.
Dimensions 21 cm.
505 ## - FORMATTED CONTENTS NOTE
Formatted contents note Vol. I: 1. El humanismo económico: conceptualización y aportes – 2. Responsabilidad social de intelectuales, dirigentes y funcionarios – 3. Integración regional y comercio exterior – 4. La economía gubernamental – 5. La construcción de una civilización solidaria.
590 ## - LOCAL NOTE (RLIN)
Local note niveau_biblio:m niveau_hierar:0
700 1# - ADDED ENTRY--PERSONAL NAME
Personal name Encuentro Internacional de Economía (5º : 2005 ago. : Córdoba, Argentina)
942 ## - ADDED ENTRY ELEMENTS (KOHA)
Koha item type
Existencias
Withdrawn status Lost status Damaged status Not for loan Home library Current library Shelving location Date acquired Total checkouts Full call number Barcode Date last seen Price effective from Koha item type
        Biblioteca Prof. Eusebio Cleto del Rey Biblioteca Prof. Eusebio Cleto del Rey   07/04/2026   330.342.146 D536 v.1 L87980 07/04/2026 07/04/2026 Libro
        Biblioteca Prof. Eusebio Cleto del Rey Biblioteca Prof. Eusebio Cleto del Rey   07/04/2026   330.342.146 D536 v.2 L87981 07/04/2026 07/04/2026 Libro
        Biblioteca Prof. Eusebio Cleto del Rey Biblioteca Prof. Eusebio Cleto del Rey   07/04/2026   330.342.146 D536 v.2 L87489 07/04/2026 07/04/2026 Libro
        Biblioteca Prof. Eusebio Cleto del Rey Biblioteca Prof. Eusebio Cleto del Rey   07/04/2026   330.342.146 D536 v.1 L87488 07/04/2026 07/04/2026 Libro